000
00223 a2200097 4500
001
42353
100
_a
Krollmann F
245
_a
Langen Scheidts Fach Worter Buch
260
_a
_b
Langen Scheiding
_c
090
_c
26288
_d
26288
942
_a
NUST-CAE
_c
M
_c
18100
999
_c
277426
_d
277426